Jupiter (Record no. 7673)
[ view plain ]
| 000 -LEADER | |
|---|---|
| fixed length control field | 00791nam a2200229Ia 4500 |
| 003 - CONTROL NUMBER IDENTIFIER | |
| control field | IN-BaIIA |
| 008 - FIXED-LENGTH DATA ELEMENTS--GENERAL INFORMATION | |
| fixed length control field | 211028s9999 xx 000 0 eng d |
| 020 ## - INTERNATIONAL STANDARD BOOK NUMBER | |
| International Standard Book Number | 0-8165-0530-6 |
| 040 ## - CATALOGING SOURCE | |
| Transcribing agency | IIA Library |
| 080 ## - UNIVERSAL DECIMAL CLASSIFICATION NUMBER | |
| Universal Decimal Classification number | 523.45 |
| Item number | GEH |
| 100 ## - MAIN ENTRY--PERSONAL NAME | |
| Personal name | Gehrels, Tom |
| 9 (RLIN) | 12980 |
| 245 #0 - TITLE STATEMENT | |
| Title | Jupiter |
| Remainder of title | studies of the Interior atmosphere, magnetospheres and satellites |
| Statement of responsibility, etc. | Tom Gehrels and Mildred Shapley Mathews |
| 260 ## - PUBLICATION, DISTRIBUTION, ETC. | |
| Place of publication, distribution, etc. | Tucson |
| Name of publisher, distributor, etc. | University of Arizona Press |
| Date of publication, distribution, etc. | 1976 |
| 300 ## - PHYSICAL DESCRIPTION | |
| Extent | x, 1254p. |
| 500 ## - GENERAL NOTE | |
| General note | Donated by Mrs. Bappu |
| 650 ## - SUBJECT ADDED ENTRY--TOPICAL TERM | |
| Topical term or geographic name entry element | Astronomy and Astrophysics Thesaurus |
| 650 ## - SUBJECT ADDED ENTRY--TOPICAL TERM | |
| Topical term or geographic name entry element | Planetary System-Jupiter |
| 9 (RLIN) | 12981 |
| 650 ## - SUBJECT ADDED ENTRY--TOPICAL TERM | |
| Topical term or geographic name entry element | Satelllite-Jupiter |
| 9 (RLIN) | 12982 |
| 650 ## - SUBJECT ADDED ENTRY--TOPICAL TERM | |
| Topical term or geographic name entry element | Solar System |
| 700 ## - ADDED ENTRY--PERSONAL NAME | |
| Personal name | Mathews, Mildred Shapley |
| 9 (RLIN) | 12983 |
| 942 ## - ADDED ENTRY ELEMENTS (KOHA) | |
| Koha item type | Books |
| Withdrawn status | Lost status | Damaged status | Not for loan | Home library | Current library | Shelving location | Date acquired | Total Checkouts | Full call number | Barcode | Date last seen | Price effective from | Koha item type |
|---|---|---|---|---|---|---|---|---|---|---|---|---|---|
| IIA Library-Bangalore | IIA Library-Bangalore | General Stacks | 26/07/1983 | 523.45/ GEH | 8487 | 05/11/2021 | 26/07/1983 | Books |